000 00920nam a22002897a 4500
001 BR2023001046
003 BR-BrBNA
005 20230912164229.0
008 230912b bl.||||| |||| 00| 0 por d
040 _aBR-BrBNA
_bpor
041 _apor
072 _aD50 ; F04
_b3801 ; 3840 ; 3850
090 _a3801
_bBR2023001046
110 _aMinistério da Agricultura, Brasília, DF (Brasil). Secretaria Nacional de Defesa Agropecuária
245 _aRelatório das atividades desenvolvidas na área de registro de fertilizantes, corretivos, inoculantes, estimulantes ou biofertilizantes; v. 42
260 _aBrasília, DF (Brasil)
_c1987
300 _a44 p.
500 _a8 tables
650 _aFERTILIZANTE
650 _aCORRETIVO
650 _aINOCULANTE
650 _aESTIMULANTE DE CRESCIMENTO VEGETAL
650 _aBIOFERTILIZANTE
650 _aREGISTRO
909 _a202309
_bFernando
942 _cBK
999 _c9986
_d9986